000 01089cam a2200301 a 4500
999 _c528329
_d528329
001 15742157
003 NUST
005 20190906060117.0
008 090518s2010 flua b 001 0 eng
010 _a 2009019904
020 _a9781439801604 (hard back : alk. paper)
020 _a1439801606 (hard back : alk. paper)
035 _a(OCoLC)ocn255900437
038 _ams
040 _aDLC
_cDLC
_dBTCTA
_dYDXCP
_dC#P
_dCDX
_dBWX
_dDLC
050 0 0 _aTA347.F5
_bA37 2010
082 0 0 _a620.0042
_222
_bLEE
100 1 _aHuei-Huang Lee
_920056
245 1 0 _aFinite element simulations with ANSYS workbench
_cHuei-Huang Lee
260 _aUSA :
_bSDC,
_cc2018.
300 _avii, 612 p. :
_bill. ;
_c25 cm.
504 _aIncludes bibliographical references and index.
650 0 _aFinite element method
_xData processing.
_920057
650 0 _aANSYS (Computer system)
_920058
906 _a7
_bcbc
_corignew
_d1
_eecip
_f20
_gy-gencatlg
942 _2ddc
_cBK